Séchage: Des processus physiques aux procédés industriels
Na minha lista:
| Autor principal: | |
|---|---|
| Formato: | Livro |
| Idioma: | Undetermined |
| Publicado em: |
Paris
TechDoc - Lavoisier
1995
|
| Assuntos: | |
| Tags: |
Adicionar Tag
Sem tags, seja o primeiro a adicionar uma tag!
|
| Thư viện lưu trữ: | Trung tâm Học liệu Trường Đại học Cần Thơ |
|---|
| LEADER | 00567nam a2200181Ia 4500 | ||
|---|---|---|---|
| 001 | CTU_56411 | ||
| 008 | 210402s9999 xx 000 0 und d | ||
| 082 | |a 621.4 | ||
| 082 | |b N318 | ||
| 100 | |a Jean-Pierre Nadeau | ||
| 245 | 0 | |a Séchage: Des processus physiques aux procédés industriels | |
| 245 | 0 | |c Jean-Pierre Nadeau et Jean-Rodolphe Puiggali | |
| 260 | |a Paris | ||
| 260 | |b TechDoc - Lavoisier | ||
| 260 | |c 1995 | ||
| 650 | |a food,heat engineering | ||
| 650 | |x drying,equipments and supplies | ||
| 980 | |a Trung tâm Học liệu Trường Đại học Cần Thơ | ||